William Shakespeare / (Record no. 148026)

MARC details
000 -CABECERA
campo de control de longitud fija 00629nam a2200205 u 4500
005 - FECHA Y HORA DE LA ÚLTIMA TRANSACCIÓN
campo de control 20240228064010.0
008 - ELEMENTOS DE LONGITUD FIJA--INFORMACIÓN GENERAL
campo de control de longitud fija 100518s2005 mx r 000 0 spa d
020 ## - NÚMERO INTERNACIONAL NORMALIZADO PARA LIBROS
Número Internacional Estándar del Libro 9707551356
035 ## - NÚMERO DE CONTROL DEL SISTEMA
Número de control de sistema UPN01000175923
049 ## - COLECCIÓN
Colección I
050 #4 - SIGNATURA TOPOGRÁFICA DE LA BIBLIOTECA DEL CONGRESO
Número de clasificación PR2900
Número de documento/Ítem F5.8
100 1# - ASIENTO PRINCIPAL--NOMBRE PERSONAL
Nombre de persona Fischel, Emma
245 10 - MENCIÓN DE TÍTULO
Título William Shakespeare /
Mención de responsabilidad, etc. Emma Fischel ; il. Martin Kemphrey ; tr. Nora Casasús.
260 ## - PUBLICACIÓN, DISTRIBUCIÓN, ETC.
Lugar de publicación, distribución, etc. México :
Nombre del editor, distribuidor, etc. Somos Niños,
Fecha de publicación, distribución, etc. 2005.
300 ## - DESCRIPCIÓN FÍSICA
Extensión 47 p. :
Otras características físicas principalmente il.
440 #0 - MENCIÓN DE SERIE/ASIENTO SECUNDARIO--TÍTULO
Título Gente famosa vidas famosas
650 #4 - ASIENTO SECUNDARIO DE MATERIA - TERMINO TEMATICO
Término de materia o nombre geográfico como elemento de entrada Libros y lectura para niños
9 (RLIN) 2290
600 14 - ASIENTO SECUNDARIO DE MATERIA - NOMBRE PERSONAL
Nombre de persona SHAKESPEARE, WILLIAM,
Fechas asociadas al nombre 1564-1616
905 ## - TIPO DE MATERIAL
Tipo de material Infantil
Holdings
Estado de retiro Estado de pérdida Fuente del sistema de clasificación o colocación Estado dañado No para préstamo Código de colección Localización permanente Ubicación/localización actual Ubicación en estantería Fecha de adquisición Clasificación Código de barras Fecha visto por última vez Número de copia Tipo de ítem Koha
    Library of Congress Classification     Infantil Bib. Gregorio Torres Quintero Bib. Gregorio Torres Quintero Sala infantil Planta baja 10/05/2023 PR2900 F5.8 272751 31/12/2020 1 Libro